000 00823nab a2200241 u 4500
001 16078
003 HDC
007 cr bn ---aaaaa
008 210220c20101211xx dr|noo 0 a eng d
040 _aHDC
245 0 _aHong Kong: First Hotel in Hong Kong to Receive Halal Food Certification
260 _a[No place] :
_b[publisher not identified],
_c2010
336 _atext
_2rdacontent
337 _acomputer
_2rdamedia
338 _aonline resource
_2rdacarrier
650 _aHalal Food Certification
_zHong Kong
_916025
650 _aRestaurants
_92152
710 _aHalal Focus
856 _zRequest full-text at [email protected]
942 _2lcc
942 _cNEWS
942 _kNWSO 005648
999 _c13394
_d13394